000 00253nam a22001217a 4500
020 _a81-7654-034-X
082 _a823
_bDAV/P
100 _aDAVIES, GILL
245 _aPINOCCHIO
260 _aUK
_bLADYBIRD
650 _aENGLISH SHORT STORY
_zUK
942 _cBK
999 _c4470
_d4470